| 000 | 00711nam a22001935i 4500 | ||
|---|---|---|---|
| 001 | 160428 | ||
| 003 | ES-MaACL | ||
| 005 | 20251122063132.0 | ||
| 008 | 040924s1878 fr |||| | fre d | ||
| 040 |
_aCAM _bspa _cCAM |
||
| 100 | 1 |
_aMurray, Eustace Clare Grenville, _d1824-1881 _9130298 |
|
| 245 | 1 | 4 |
_aLes russes chez les russes / _cpar E.C. Grenville Murray ; traduit de l'anglais par J. Butler. |
| 260 |
_aParis : _bMaurice Dreyfous, éditeur, _c1878 ( _eCorbeil : _fTyp. et stér. de Crété) |
||
| 300 |
_aXXVI, 277 p. ; _c19 cm. |
||
| 651 | 0 | 4 |
_aRusia- _xDescripción. _99329 |
| 700 | 1 |
_aButler, J. _9126248 |
|
| 852 |
_aES-MaACL _jG-7415 _z-- Enc. pasta española |
||
| 999 |
_c160428 _d160428 |
||